Normal view MARC view
  • Meyers, William,

Entry Nombre Personal

Number of records used in: 2

001 - NUMERO DE CONTROL

  • campo de control: 44463

003 - IDENTIFICADOR DE NUMERO DE CONTROL

  • campo de control: UPN

005 - FECHA Y HORA DE LA ÜLTIMA TRANSACCIÓN

  • campo de control: 20220519175445.0

008 - DATOS DE LONGITUD FIJA

  • campo de control de longitud fija: 220519n| acznnaabn | a|a d

040 ## - FUENTE DE CATALOGACIÓN

  • Agencia original de catalogación: MX-MxUPN

100 ## - ENCABEZAMIENTO - NOMBRE PERSONAL

  • Nombre personal: Meyers, William,
  • Fechas asociadas con el nombre: 1951-

670 ## - FUENTE EN LA QUE SE LOCALIZARON DATOS

  • Cita de la fuente: LC Authorities, 19-05-2022:
  • Información localizada: (Encabezamiento: Meyers, William, 1951-)

670 ## - FUENTE EN LA QUE SE LOCALIZARON DATOS

  • Cita de la fuente: Los creadores de imagen, 1991:
  • Información localizada: port. (William Meyers)